00775nam a2200193 a 4500001001000000003000400010005001700014008004100031040002500072082002400097245006300121260006400184300002100248500017500269650003700444650002700481651003600508700003700544000008971OSt20240412074208.0090922s1957 dr 000 p spa d aDO-SdBNPbspacBNPHU aRD861.08bA345s22200aAlbum simbólico /cedición Manuel E. Suncar Chevalier. aCiudad Trujillo, Santo Domingo :bAteneo Dominicano,c1957. a365 p. ;c25 cm. aHomenaje de los poetas dominicanos al generalisimo Dr. Rafael L. Trujillo Molina, Padre de la Patria Nueva en el vigésimoquinto aniversario de la era de Trujillo, 1955. 4aPoesía dominicanavColecciones 0aLiteratura dominicana. 4aPoetas DominicanosvColecciones1 aSuncar Chevalier, Manuel E.eed.